000 00971cam a2200301 a 4500
999 _c126743
_d126743
001 1377410
003 ARRUPE
005 20170824090236.0
008 820804s1981 enk b 001 0 eng
010 _a 81153694
015 _aGB***
020 _a0340266333 (pbk.) :
_c£3.25
040 _aDLC
_cDLC
_dDLC
050 0 0 _aBV825.2
_b.B74
082 0 0 _a234/.163
_219
100 1 _aBridge, Donald.
_935133
245 1 4 _aThe meal that unites? /
_cDonald Bridge and David Phypers.
260 _aLondon :
_bHodder and Stoughton,
_c1981.
300 _a191 p. ;
_c20 cm.
490 0 _aEcclesia books
500 _aRev. ed. published as: Communion, the meal that unites? 1983.
500 _aIncludes index.
504 _aBibliography: p. 187-190.
650 0 _aLord's Supper
_xHistory.
_935134
700 1 _aPhypers, David.
_935135
906 _a7
_bcbc
_corignew
_d3
_encip
_f19
_gy-gencatlg
942 _2lcc
_cMONOGRAPH